Novelas do Minho (Registo nº 1501)
[ vista simples ]
| 000 -Etiqueta do registo | |
|---|---|
| Cabeçalho | 00734nam0a2200265 4500 |
| 005 - Identificador da versão | |
| Campo de controlo | 20240813121838.0 |
| 010 ## - Número internacional normalizado dos livros (ISBN) | |
| Número (ISBN) | 9789722519496 |
| 021 ## - Número do Depósito Legal | |
| Código do país | PT |
| Número | 293765/09 |
| 100 ## - Dados gerais de processamento | |
| Dados gerais de processamento | 20150605e2009 m y0pory5003 ba |
| 102 ## - Pais de publicação ou produção | |
| País de publicação | Portugal |
| 101 0# - Língua de publicação | |
| Língua do texto, banda sonora, etc. | Português |
| 215 ## - Descrição física | |
| Indicação específica da natureza do documento e extensão da espécie | 550 p. |
| 200 1# - Titulo e menção de responsabilidade | |
| Título próprio | Novelas do Minho |
| Primeira menção de responsabilidade | Camilo Castelo Branco |
| 225 2# - Colecção | |
| Título próprio da colecção | Biblioteca Camilo Castelo Branco |
| Indicação de volume | 001 |
| 205 ## - Menção da edição | |
| Menção da edição | 1ª ed |
| 210 ## - Publicação, Distribuição, etc. | |
| Lugar da edição, distribuição, etc. | Lisboa |
| Nome do editor, distribuidor, etc. | Bertrand |
| Data da publicação, distribuição, etc. | 2009 |
| 606 ## - Nome comum usado como assunto | |
| Número de registo de entrada de autoridade | 0002242 |
| Palavra de ordem | Literatura portuguesa |
| Subdivisão de assunto | Novela |
| Código do sistema | CA |
| 675 ## - Classificação Decimal Universal (CDU) | |
| Notação | 821.134.3-32 |
| Edição | 3ª ed. |
| Língua da edição | por |
| 700 #1 - Nome de autor-pessoa física (responsabilidade principal) | |
| Número de registo de entrada de autoridade | 0001388 |
| Palavra de ordem | Castelo Branco |
| Outra parte do nome não tomada para palavra de ordem | Camilo |
| Datas | 1825-1890 |
| 900 ## - | |
| -- | BIBNAC |
| -- | 20090930 |
| 966 ## - Identificação da Biblioteca | |
| Sigla | EB2,3ENM |
| 942 ## - Elementos de entrada adicionados (Koha) | |
| Tipo de item no Koha | Livro |
| Situação do levantamento | Origin of item (home branch) (coded) | Biblioteca de empréstimo | Código de barras | Cota | Circulation type (not for loan) | Tipo de documento | Nota do exemplar | Damaged status |
|---|---|---|---|---|---|---|---|---|
| Biblioteca Escolar Eng. Nuno Mergulhão | Biblioteca Escolar Eng. Nuno Mergulhão | BENM3512 | 82LP-3 CAS | Livro | Sem mensagem |
